000 00569nam a2200169 a 4500
001 000030241
005 20241206085813.0
008 110505s2009 dr 000 0 spa d
040 _aDO-SdBNP
_aspa
_aBNPHU
082 _axxx
_bR426l
110 1 _aRepública Dominicana.
_bSecretaría de Estado de la Mujer
_938238
240 1 0 _a[Leyes, etc.]
245 1 0 _aLey 88-03 promulgada el 1º de mayo de 2003 que instituye las casas de acogida o refugios.
260 _aSanto Domingo :
_bSecretaría de Estado de la Mujer,
_c2009.
300 _a63 p. ;
_c22 cm.
049 _aBNPD
999 _c29733
_d29733